000 00526nam a2200181Ia 4500
003 OSt
005 20260127161945.0
008 210210b1956 xxu||||| |||| 00| 0 eng d
040 _cAL
041 _aKannada
082 _a854/61
100 _aKRASHNARAV (K M)
_9162620
_dಕೃಷ್ಣಮೂರ್ತಿ (ಕೆ ಎಂ)
245 _aJagannatha dasaru:
_bಜಗನ್ನಾಥ ದಾಸರು
260 _aMaisuru
_bUsha Sahitya Male
_c1956
690 _aKannada Criticism
_9162621
906 _a019913
942 _2ddc
_cBK
999 _c144063
_d144063